Ont-ils déjà joué avec... George Clooney ? - Statistiques

Statistiques générales
  • Ce quiz a été pris 17 fois
  • Le résultat moyen est 3 sur 10
Answers on the Grid
Answers color-coded by a green-red scale on the quiz's grid according to % correct below.
Jesse Eisenberg
Queen Latifah
Val Kilmer
Susan Sarandon
Omar Sy
Reese Witherspoon
Sarah Michelle Gellar
Denzel Washington
Jaden Smith
Kevin Costner
Christopher Plummer
Robert Downey Jr.
Bill Murray
Maggie Gyllenhaal
Michelle Pfeiffer
Julia Roberts
Salma Hayek
Catherine Zeta-Jones
Kevin Spacey
Nicole Kidman
 
Statistiques - réponses
Réponse % Correct
Julia Roberts
81%
Catherine Zeta-Jones
63%
Salma Hayek
38%
Nicole Kidman
31%
Michelle Pfeiffer
25%
Maggie Gyllenhaal
19%
Robert Downey Jr.
19%
Kevin Spacey
13%
Bill Murray
6%
Christopher Plummer
0%
Aucun quiz correspondant
Distribution des résultats
% des personnes avec chaque résultat
Percentile par nombre de réponses
Votre historique - résultats
Vous n’avez pas pris ce quiz